Annexation of a portion of Idaho territory to Nevada. Resolution of the Legislature of Nevada relative to the annexation of a portion of Idaho territory to the state of Nevada.

Saved in:
Bibliographic Details
Corporate Author: Nevada. Legislature.
Format: Book
Language:English
Published: [Washington, 1871]
Series:[United States] 42d Cong., 1st sess., House. Mis. doc. 32
Tags: Add Tag
No Tags, Be the first to tag this record!
LEADER 00759nam a2200205K 4500
001 004082809-3
005 20020606095253.2
008 940331s1871 dcu 000 0 eng d
035 0 |a ocm77954903 
040 |a HVL  |c HVL 
110 1 |a Nevada.  |b Legislature. 
245 1 0 |a Annexation of a portion of Idaho territory to Nevada.  |b Resolution of the Legislature of Nevada relative to the annexation of a portion of Idaho territory to the state of Nevada. 
260 |a [Washington,  |c 1871] 
300 |a 2 p.  |c 23 cm. 
490 0 |a [United States] 42d Cong., 1st sess., House. Mis. doc.  |v 32 
500 |a Caption title. 
500 |a Referred to the Committee on the judiciary and ordered to be printed. 
690 9 |a Boundaries  |z Nevada.  |5 law 
988 |a 20020608 
906 |0 MH